01077nas a2200313 4500001001300000003000900013005001700022007000300039008003400042040005400076041000900130072000800139100001700147100002200164100001900186100001600205100001600221245009600237650001100333650001000344650002000354650002100374650002600395773011200421909004000533942001800573999001900591952015300610BR2013008365BR-BrBNA20231205123100.0ta230509b bl.|||p| |||| 00| 00por d aBR-BrBNAbporcBiblioteca Nacional de Agricultura a(Pt) aH101 aAraujo, E.L.1 aRibeiro, J. da C.1 aChagas, M.C.M.1 aDutra, V.S.1 aSilva, J.G.1 aMoscas-das-frutas (Diptera: Tephiritidae)em um pomar de goiabeira no semiárido brasileiro aGOIABA aPOMAR aPRAGA DE PLANTA aMOSCA DAS FRUTAS aPERDA DA PRODUÇÃO0 tRevista Brasileira de Fruticultura (Brazil)xISSN 0100-2945 g(Jun 2013), v. 35(2) p. 471-476wBR2013008365 a202311bLúciac55dLúcia Elande 2AGRISn0cANA c232085d232085 002AGRIS4071a41918b41918cPeriódicos Agrícolash(Jun 2013), v. 35(2) p. 471-476l0r2023-11-29t01yCRePortaria Interministerial nº 164/94